Stolice Azji - Nagła Śmierć - Statystyki

Ogólne statystyki
  • Ten quiz został rozwiązany 794 razy
    429 od ostatniego zresetowania
  • Średni wynik to 13 z 25
Answers on the Grid
Answers color-coded by a green-red scale on the quiz's grid according to % correct below.
Abu Zabi
Ałmaty
Amman
Bagdad
Bandar Seri Begawan
Bangkok
Bengaluru
Biszkek
Davao
Dili
Doha
Dubaj
Duszanbe
Dżakarta
Erywań
Hanoi
Hiroszima
Ho Chi Minh
Izmir
Kabul
Karaczi
Kuwejt
Male
Manama
Manila
Medyna
Mekka
Mumbaj
Osaka
Rijad
Sana
Seul
Suwon
Szanghaj
Tainan
Taszkent
Tbilisi
Teheran
Thimphu
Tokio
 
Statystyki odpowiedzi
Odpowiedź % Poprawnych
Abu Zabi
79%
Bangkok
72%
Bagdad
68%
Seul
64%
Tokio
63%
Dżakarta
60%
Tbilisi
58%
Hanoi
56%
Teheran
56%
Amman
55%
Erywań
55%
Rijad
54%
Doha
52%
Kabul
52%
Manila
51%
Biszkek
50%
Kuwejt
48%
Taszkent
47%
Duszanbe
44%
Bandar Seri Begawan
42%
Male
39%
Sana
38%
Thimphu
37%
Manama
36%
Dili
34%
Nie znaleziono quizów pasujących do podanych kryteriów
Rozkład punktacji
Procent ludzi z każdym wynikiem
Percentyl według liczby udzielonych odpowiedzi
Twoja historia wyników
Nie rozwiązałeś tego quizu od ostatniego zresetowania